00321nam a2200121 a 4500008004100000020001500041050002100056100002100077245003800098260004000136300001400176350000900190120416s0000 ||||||||||||||||| || u a047158410x aHF 5549.5.T7 Mac aMcGehee, William10aTraining in business and industry aNew YorkbJohn Wiley and Sonsc1961 axi, 305p. a0.00